000 00943nam a2200241Ia 4500
003 OSt
005 20220918112001.0
006 a|||||r|||| 00| 0
007 ta
008 220915b |||||||| |||| 00| 0 hin d
024 _a197225
037 _cTextbook
040 _bhin
_aARTS
_cARTS
041 _ahin
082 _aV3:1:N3, 152K8-;1
100 _aम्योर, रेमेज, संपा.
245 0 _aब्रिटेन का इतिहास: सम्पूर्ण ब्रिटिश प्रजा के इतिहास का सर्वेक्षण 1485-1939
246 _aBriṭen kā itihāsa: sampūrṇa briṭish prajā ke itihās kā sarvekṣhaṇ 1485-1939
260 _aदिल्ली
_bकैपिटल
_c1968
300 _a868
_ccm.
942 _hV3:1:N3, 152K8-;1
_cTB
_2CC
999 _c117724
_d117724